000 00708nam a2200241Ia 4500
003 OSt
005 20220923223945.0
006 a|||||r|||| 00| 0
007 ta
008 220922b |||||||| |||| 00| 0 hin d
024 _a223,629
037 _cTextual
040 _aARTS
_cARTS
_bhin
041 _2hin
_ahin
082 _aO152,3M80,RA, M5;P4
100 _aप्रेमचंद
_9156277
245 0 _aरंगभूमि
246 _aRangabhūmi
260 _aनई दिल्ली
_b प्रकाशन संस्थान
_c2004
300 _a496पृ.
_ccm.
942 _hO152,3M80,RA, M5;P4
_cTEXL
_2CC
999 _c368414
_d368414